MARC details
| 000 -LEADER |
| fixed length control field |
02622cam a2200769 a 4500 |
| 001 - CONTROL NUMBER |
| control field |
21968 |
| 003 - CONTROL NUMBER IDENTIFIER |
| control field |
VRT |
| 005 - DATE AND TIME OF LATEST TRANSACTION |
| control field |
20260317072245.0 |
| 008 - FIXED-LENGTH DATA ELEMENTS--GENERAL INFORMATION |
| fixed length control field |
240315s2010 xo a e 000 0 slo |
| 015 ## - NATIONAL BIBLIOGRAPHY NUMBER |
| National bibliography number |
SNBA2011/03-01764 |
| 020 ## - INTERNATIONAL STANDARD BOOK NUMBER |
| International Standard Book Number |
9788080894092 |
| Qualifying information |
(brož.) |
| 039 #9 - LEVEL OF BIBLIOGRAPHIC CONTROL AND CODING DETAIL [OBSOLETE] |
| Level of rules in bibliographic description |
202403152121 |
| Level of effort used to assign nonsubject heading access points |
VLOAD |
| Level of effort used to assign subject headings |
201808010913 |
| Level of effort used to assign classification |
VLOAD |
| Level of effort used to assign subject headings |
201304091307 |
| Level of effort used to assign classification |
mbpksh04 |
| Level of effort used to assign subject headings |
201112091329 |
| Level of effort used to assign classification |
mtotk10 |
| 040 ## - CATALOGING SOURCE |
| Original cataloging agency |
PPPK |
| Language of cataloging |
slo |
| Transcribing agency |
PPPK |
| Modifying agency |
SVKBB |
| -- |
SNK |
| Description conventions |
AACR2 |
| 041 1# - LANGUAGE CODE |
| Language code of text/sound track or separate title |
slo |
| Language code of original |
ger |
| 044 ## - COUNTRY OF PUBLISHING/PRODUCING ENTITY CODE |
| MARC country code |
xo |
| ISO country code |
SK |
| 072 #7 - SUBJECT CATEGORY CODE |
| Subject category code |
316.4/.7 |
| Subject category code subdivision |
Sociálne interakcie |
| Source |
konspekt |
| 080 ## - UNIVERSAL DECIMAL CLASSIFICATION NUMBER |
| Universal Decimal Classification number |
316.346.2-055.25-053.6 |
| Edition identifier |
2001 |
| 080 ## - UNIVERSAL DECIMAL CLASSIFICATION NUMBER |
| Universal Decimal Classification number |
316.472.4 |
| Edition identifier |
2001 |
| 080 ## - UNIVERSAL DECIMAL CLASSIFICATION NUMBER |
| Universal Decimal Classification number |
316.813.5 |
| Edition identifier |
2001 |
| 080 ## - UNIVERSAL DECIMAL CLASSIFICATION NUMBER |
| Universal Decimal Classification number |
(0.053.2) |
| Edition identifier |
2001 |
| 080 ## - UNIVERSAL DECIMAL CLASSIFICATION NUMBER |
| Universal Decimal Classification number |
316.472.42 |
| Edition identifier |
2001 |
| 080 ## - UNIVERSAL DECIMAL CLASSIFICATION NUMBER |
| Universal Decimal Classification number |
159.923.5 |
| Edition identifier |
2001 |
| 080 ## - UNIVERSAL DECIMAL CLASSIFICATION NUMBER |
| Universal Decimal Classification number |
615.8-022.214 |
| Edition identifier |
2001 |
| 100 1# - MAIN ENTRY--PERSONAL NAME |
| Personal name |
Schneider, Sylvia |
| Relationship |
aut |
| 240 10 - UNIFORM TITLE |
| Uniform title |
Liebeskummer-und wie du ihn loswirst |
| Language of a work |
Slovensky |
| 245 10 - TITLE STATEMENT |
| Title |
Zlomené srdce |
| Remainder of title |
všetko o rozchode : [rady, typy, návody] |
| Statement of responsibility, etc. |
Sylvia Schneiderová ; ilustrovala Bianca Schaalburgová ; [z nemeckého originálu preložil Ján Ďurčo] |
| 250 ## - EDITION STATEMENT |
| Edition statement |
1. vyd. |
| 260 ## - PUBLICATION, DISTRIBUTION, ETC. |
| Place of publication, distribution, etc. |
[Bratislava] |
| Name of publisher, distributor, etc. |
Fragment |
| Date of publication, distribution, etc. |
2010 |
| 300 ## - PHYSICAL DESCRIPTION |
| Extent |
116 s. |
| Other physical details |
ilustr. |
| Dimensions |
19 cm |
| 490 1# - SERIES STATEMENT |
| Series statement |
Len pre baby - Prísne tajné! |
| 500 ## - GENERAL NOTE |
| General note |
Miesto vyd. podľa ISBN |
| 521 1# - TARGET AUDIENCE NOTE |
| Target audience note |
Pre čitateľky od 11 rokov |
| 650 07 - SUBJECT ADDED ENTRY--TOPICAL TERM |
| Topical term or geographic name entry element |
dospievajúce dievčatá |
| Source of heading or term |
SNKPH |
| 650 07 - SUBJECT ADDED ENTRY--TOPICAL TERM |
| Topical term or geographic name entry element |
partnerské vzťahy |
| Source of heading or term |
SNKPH |
| 650 07 - SUBJECT ADDED ENTRY--TOPICAL TERM |
| Topical term or geographic name entry element |
partnerské rozchody |
| Source of heading or term |
SNKPH |
| 650 07 - SUBJECT ADDED ENTRY--TOPICAL TERM |
| Topical term or geographic name entry element |
Adolescent girls |
| Source of heading or term |
SNKPHeng |
| 650 07 - SUBJECT ADDED ENTRY--TOPICAL TERM |
| Topical term or geographic name entry element |
Partner relationships |
| Source of heading or term |
SNKPHeng |
| 650 07 - SUBJECT ADDED ENTRY--TOPICAL TERM |
| Topical term or geographic name entry element |
Separations (partner relationships) |
| Source of heading or term |
SNKPHeng |
| 650 07 - SUBJECT ADDED ENTRY--TOPICAL TERM |
| Topical term or geographic name entry element |
Self-culture |
| Source of heading or term |
SNKPHeng |
| 650 07 - SUBJECT ADDED ENTRY--TOPICAL TERM |
| Topical term or geographic name entry element |
sebavýchova |
| Source of heading or term |
SNKPH |
| 650 07 - SUBJECT ADDED ENTRY--TOPICAL TERM |
| Topical term or geographic name entry element |
Autotherapy |
| Source of heading or term |
SNKPHeng |
| 650 07 - SUBJECT ADDED ENTRY--TOPICAL TERM |
| Topical term or geographic name entry element |
autoterapia |
| Source of heading or term |
SNKPH |
| 655 #7 - INDEX TERM--GENRE/FORM |
| Genre/form data or focus term |
publikácie pre deti |
| Source of term |
SNKPH |
| 655 #7 - INDEX TERM--GENRE/FORM |
| Genre/form data or focus term |
Children's literature |
| Source of term |
SNKPHeng |
| 700 1# - ADDED ENTRY--PERSONAL NAME |
| Personal name |
Schaalburg, Bianca |
| Relationship |
ill |
| 700 1# - ADDED ENTRY--PERSONAL NAME |
| Personal name |
Ďurčo, Ján |
| Relationship |
trl |
| 830 #0 - SERIES ADDED ENTRY--UNIFORM TITLE |
| Uniform title |
Len pre baby - Prísne tajné! |
| 910 ## - USER-OPTION DATA (OCLC) |
| User-option data |
pppk |
| 910 ## - USER-OPTION DATA (OCLC) |
| User-option data |
pokpoh |
| 910 ## - USER-OPTION DATA (OCLC) |
| User-option data |
svkbb |
| 910 ## - USER-OPTION DATA (OCLC) |
| User-option data |
vthk |
| 910 ## - USER-OPTION DATA (OCLC) |
| User-option data |
hevk |
| 910 ## - USER-OPTION DATA (OCLC) |
| User-option data |
snk |
| 910 ## - USER-OPTION DATA (OCLC) |
| User-option data |
sllk |
| 910 ## - USER-OPTION DATA (OCLC) |
| User-option data |
savuk |
| 910 ## - USER-OPTION DATA (OCLC) |
| User-option data |
totk |
| 910 ## - USER-OPTION DATA (OCLC) |
| User-option data |
bpksh |
| 942 ## - ADDED ENTRY ELEMENTS (KOHA) |
| Source of classification or shelving scheme |
Dewey Decimal Classification |
| Koha item type |
Krásna literatúra pre deti |
| Suppress in OPAC |
No |
| 949 ## - LOCAL PROCESSING INFORMATION (OCLC) |
| 6 |
270001000364355 |
| a |
svkbbA 129751 |
| b |
svkbbm 713586 |
| 949 ## - LOCAL PROCESSING INFORMATION (OCLC) |
| 6 |
17A0684582 |
| a |
snkSD 79798 |
| b |
snk2011/336 |
| o |
24/11 |
| 949 ## - LOCAL PROCESSING INFORMATION (OCLC) |
| 6 |
17A0684583 |
| a |
snkSD 79798 D1 |
| b |
snk2011/338 |
| o |
24/11 |
| 949 ## - LOCAL PROCESSING INFORMATION (OCLC) |
| 6 |
273K0527388 |
| a |
svkpoA 210192 |
| b |
svkpo533831 |
| 949 ## - LOCAL PROCESSING INFORMATION (OCLC) |
| 6 |
2889170544 |
| a |
savukPV 14686 |
| b |
savuk2011/2601 |
| 949 ## - LOCAL PROCESSING INFORMATION (OCLC) |
| 6 |
3869A17374 |
| a |
bpksh316.472.4 |
| b |
bpksh61653 |
| 980 ## - EQUIVALENCE OR CROSS-REFERENCE-SERIES STATEMENT--PERSONAL NAME/TITLE [LOCAL, CANADA] |
| Personal name |
316.346.2-055.25-053.6 |